| 000 | 004540000a22001690004500 | ||
|---|---|---|---|
| 003 | MACL | ||
| 005 | 20150703151853.0 | ||
| 008 | 150703b xxu||||| |||| 00| 0 eng d | ||
| 040 |
_aMACL _cMACL |
||
| 082 | _a300/GHO | ||
| 100 |
_aGhosh, Anindita _9484 |
||
| 245 |
_aBehind The Veil _bResistance, Women, and the Everyday in Colonial South Asia |
||
| 260 |
_bPermanent Black _c2007 |
||
| 350 | _a595 | ||
| 650 |
_aSocial Science _929 |
||
| 942 |
_cBK _k300 _2ddc |
||
| 999 |
_c8769 _d8769 |
||